Klicke die deutschen Landeshauptstädte auf einer Karte - Statistiken

Allgemein
  • Dieses Quiz wurde 142 mal gespielt
  • Das Durchschnittsergebnis liegt bei 14 aus 16
Antworten auf der Karte
Die Antworten werden auf der Karte rot bzw. grün angezeigt, abhängig davon wie oft sie richtig erraten wurden.
 
Antwortstatistiken
Antwort % Korrekt
Potsdam
91%
Bremen
90%
Hamburg
89%
Kiel
88%
Düsseldorf
87%
Saarbrücken
87%
Stuttgart
87%
Berlin
86%
München
85%
Dresden
84%
Hannover
83%
Magdeburg
82%
Schwerin
82%
Erfurt
79%
Wiesbaden
78%
Mainz
77%
Keine übereinstimmenden Quizze gefunden
Verteilung der Resultate
Anzahl Personen mit jedem Resultat
Perzentil nach korrekt beantworteten Fragen
Ihre Resultats-Entwicklung
Sie haben dieses Quiz noch nicht gespielt